000
00292nam a2200133Ia 4500
008
190216s9999||||xx |||||||||||||| ||und||
100
_a
Jain V K
245
0
_a
Computer For Beginners
250
_a
1st Ed.
260
_b
Pustakmahal
_c
1995
300
_a
200
650
_a
Computer
942
_c
BK
999
_c
8494
_d
8494